| 000 | 01924nam a22003137a 4500 | ||
|---|---|---|---|
| 003 | OSt | ||
| 005 | 20250612121133.0 | ||
| 008 | 200212s2015 sp ||||jr|||| 00| f spa d | ||
| 020 | _a9788420482439 | ||
| 040 |
_aCO-JMCR _cCO-JMCR |
||
| 041 | 1 |
_aspa _heng |
|
| 082 | 0 | 4 |
_aJ-N _bROWs |
| 100 | 1 |
_aRowell, Rainbow, _eautor _9520 |
|
| 245 | 1 | 0 |
_aSegundas oportunidades / _cRainbow Rowell ; traducción de Victoria Simó |
| 246 | 0 | 0 |
_aUna historia de amor arrolladora e inolvidable : _bJohn Green, sobre Eleanor y Park |
| 250 | _aPrimera edición | ||
| 260 |
_aBarcelona : _bAlfaguara, _c2015 |
||
| 300 |
_a378 páginas ; _c22 cm. |
||
| 500 | _aTítulo original: Landline | ||
| 520 | _aSi el destino te diera una segunda oportunidad con el amor de tu vida... ¿harías la misma llamada? Cuando Georgie y Neal se conocieron, fue amor a primera vista, un amor que parecía poder con cualquier inconveniente. Pero ahora tienen problemas, hace tiempo que ya no es como antes.Todavía se aman profundamente, aunque eso parece no importar. O quizás nunca importó demasiado.Estas Navidades, Neal y Georgie van a hacer un viaje juntos, una escapada que les permita retomar su relación. Pero un compromiso de última hora obliga a Georgie a quedarse. Esa misma noche, cuando Georgie llama a Neal para intentar arreglar las cosas, con quien realmente se comunica es con un Neal más joven, el Neal que conoció hace unos cuantos años, antes de que todo empezara. No es un viaje en el tiempo, no exactamente, pero ella siente que tiene la oportunidad de arreglarlo todo antes de que empiece... | ||
| 546 | _aTraducido del inglés | ||
| 650 | 1 | 4 |
_aNovela estadounidense _9521 |
| 650 | 1 | 4 |
_aPersonas casadas _xnovela _9522 |
| 650 | 1 | 4 |
_aRelaciones hombre-mujer _xnovela _9523 |
| 650 | 1 | 4 |
_aVida familiar _xnovela _9524 |
| 650 | 1 | 4 |
_aAmor _xnovela _9525 |
| 700 | 1 |
_aSimó, Victoria, _etraductora _9526 |
|
| 942 |
_2ddc _cBK |
||
| 999 |
_c6506 _d6506 |
||